000
00324nam a22001337a 4500
008
181031b xxu||||| |||| 00| 0 eng d
020
_a
0691023565
041
_a
eng
080
_a
510
100
_a
38
101
_a
MAT
245
_a
How To Sove It A New Aspect Of Mathematical Methods
_c
Polya.G
942
_2
udc
_c
BK
999
_c
51353
_d
51353